CISM Journal (Record no. 118810)

MARC details
000 -LEADER
fixed length control field 00628cas a22002055a 4500
001 - CONTROL NUMBER
control field L130940
008 - FIXED-LENGTH DATA ELEMENTS--GENERAL INFORMATION
fixed length control field 050919d19881992xxcqr p 0 a0eng u
022 1# - INTERNATIONAL STANDARD SERIAL NUMBER
International Standard Serial Number 0841-8234
035 ## - SYSTEM CONTROL NUMBER
System control number (Sirsi) u130940
110 2# - MAIN ENTRY--CORPORATE NAME
Corporate name or jurisdiction name as entry element Canadian Institute of Surveying and Mapping
9 (RLIN) 5236
245 00 - TITLE STATEMENT
Title CISM Journal
260 ## - PUBLICATION, DISTRIBUTION, ETC.
Place of publication, distribution, etc. Ottawa
Name of publisher, distributor, etc. Canadian Institute of Surveying and Mapping
Date of publication, distribution, etc. 1988-1992
362 ## - DATES OF PUBLICATION AND/OR SEQUENTIAL DESIGNATION
Dates of publication and/or sequential designation 42(1) 1988-46(4) 1992
554 ## -
-- Four per year
651 #4 - SUBJECT ADDED ENTRY--GEOGRAPHIC NAME
Geographic name Canada
690 ## - LOCAL SUBJECT ADDED ENTRY--TOPICAL TERM (OCLC, RLIN)
Topical term or geographic name as entry element ENVIRONMENTAL AND LAND CONSULTANCY-GEOMATICS-MAPPING AND POSITIONING-CARTOGRAPHY
780 00 - PRECEDING ENTRY
Title Canadian Surveyor
785 00 - SUCCEEDING ENTRY
Title Geomatica
942 ## - ADDED ENTRY ELEMENTS (KOHA)
Suppress in OPAC 0
Holdings
Withdrawn status Lost status Source of classification or shelving scheme Damaged status Not for loan Home library Current library Shelving location Date acquired Total Checkouts Full call number Barcode Date last seen Price effective from Koha item type
    Dewey Decimal Classification     London London Gallery 19/09/2005   GEOMATICA 130940-1001 06/08/2019 06/08/2019 Journal